All EFL Championship Winners (1892-1992) - Statistics

General Stats
  • This quiz has been taken 17 times
  • The average score is 75 of 93
Answer Stats
Hint Colour Of Home Kit Answer % Correct
1930-31 Blue Everton
100%
1938-39 Blue And White Blackburn Rovers
93%
1983-84 Blue Chelsea
93%
1988-89 Blue Chelsea
93%
1923-24 White Leeds United
93%
1963-64 White Leeds United
93%
1989-90 White Leeds United
93%
1893-94 Red Liverpool
93%
1895-96 Red Liverpool
93%
1904-05 Red Liverpool
93%
1961-62 Red Liverpool
93%
1898-99 Sky Blue Manchester City
93%
1902-03 Sky Blue Manchester City
93%
1909-10 Sky Blue Manchester City
93%
1927-28 Sky Blue Manchester City
93%
1946-47 Sky Blue Manchester City
93%
1965-66 Sky Blue Manchester City
93%
1935-36 Red Manchester United
93%
1974-75 Red Manchester United
93%
1964-65 Black And White Newcastle United
93%
1971-72 Yellow Norwich City
93%
1985-86 Yellow Norwich City
93%
1957-58 Purple West Ham United
93%
1980-81 Purple West Ham United
93%
1897-98 Maroon/Purple Burnley
87%
1972-73 Maroon/Purple Burnley
87%
1978-79 Red And Blue Crystal Palace
87%
1948-49 White Fulham
87%
1960-61 Blue Ipswich Town
87%
1967-68 Blue Ipswich Town
87%
1991-92 Blue Ipswich Town
87%
1924-25 Blue Leicester City
87%
1936-37 Blue Leicester City
87%
1953-54 Blue Leicester City
87%
1956-57 Blue Leicester City
87%
1970-71 Blue Leicester City
87%
1979-80 Blue Leicester City
87%
1926-27 Red Middlesbrough
87%
1928-29 Red Middlesbrough
87%
1973-74 Red Middlesbrough
87%
1952-53 Red And White Sheffield United
87%
1899-00 Blue and White Sheffield Wednesday
87%
1925-26 Blue And White Sheffield Wednesday
87%
1951-52 Blue And White Sheffield Wednesday
87%
1955-56 Blue And White Sheffield Wednesday
87%
1958-59 Blue And White Sheffield Wednesday
87%
1975-76 Red And White Sunderland
87%
1919-20 White Tottenham Hotspur
87%
1949-50 White Tottenham Hotspur
87%
1901-02 Dark Blue And White West Bromwich Albion
87%
1910-11 Dark Blue And White West Bromwich Albion
87%
1937-38 Maroon/Purple Aston Villa
80%
1959-60 Maroon/Purple Aston Villa
80%
1892-93 Blue Birmingham City
80%
1920-21 Blue Birmingham City
80%
1947-48 Blue Birmingham City
80%
1954-55 Blue Birmingham City
80%
1929-30 Orange Blackpool
80%
1908-09 White Bolton Wanderers
80%
1977-78 White Bolton Wanderers
80%
1966-67 Sky Blue Coventry City
80%
1911-12 White Derby County
80%
1914-15 White Derby County
80%
1968-69 White Derby County
80%
1986-87 White Derby County
80%
1981-82 Orange Luton Town
80%
1906-07 Red Nottingham Forest
80%
1921-22 Red Nottingham Forest
80%
1903-04 White Preston North End
80%
1912-13 White Preston North End
80%
1950-51 White Preston North End
80%
1934-35 Red Brentford
73%
1905-06 Red Bristol City
73%
1984-85 Yellow And Dark Blue Oxford United
73%
1932-33 Red And White Stoke City
73%
1962-63 Red And White Stoke City
73%
1931-32 Yellow/Orange Wolverhampton Wanderers
73%
1976-77 Red And White Wolverhampton Wanderers
73%
1907-08 Claret And Yellow Bradford City
67%
1969-70 Blue And White Huddersfield Town
67%
1987-88 Dark Blue Millwall
67%
1896-97 Black And White Notts County
67%
1913-14 Black And White Notts County
67%
1922-23 Black And White Notts County
67%
1982-83 Blue And White Queens Park Rangers
67%
1990-91 Blue Oldham Athletic
53%
1894-95 White Bury
47%
1900-01 Black And White Grimsby Town
47%
1933-34 Black And White Grimsby Town
47%
1915-16 Put In No Answer No Answer
47%
1916-17 Pur In No Answer No Answer
47%
1917-18 Put In No Answer No Answer
47%
1918-19 Put In No Answer No Answer
47%
No matching quizzes found
Score Distribution
Percent of People with Each Score
Percentile by Number Answered
Your Score History
You have not taken this quiz